000 01543nam0a2200397 4500
001 RU\NLR\bibl\142601
005 20250618045133.0
010 _a5-7417-0076-4
_9100
020 _aRU
_b98-22296
_9Книжная летопись
021 _aRU
_b98-7569
_9361
035 _a(NLR Aleph) 000139699
090 _a799349
_c799349
100 _a19990528d1998 |||y0rusy50 ca
101 0 _arus
102 _aRU
105 _aa |||||||||
200 1 _aВведение в теорию симметрии и ее применения в физике
_eУчеб. пособие
_fС.П. Аллилуев, Ю.М. Белоусов
_gМ-во общ. и проф. образования Рос. Федерации, Моск. физ.-техн. ин-т (гос. ун-т)
210 _aМ.
_cМФТИ
_d1998
215 _a94 с.
_d21
300 _aНа обл. авт. не указаны
610 0 _aСимметрия
610 0 _aКвантовая механика
610 0 _aФизика теоретическая
675 _a530.145(075.8)
_v3
_zrus
686 _a29
_2rugasnti
686 _a22.31
_2rubbk
700 1 _4070
_7ca
_8rus
_aАллилуев
_bС. П.
_f1928-2017
_gСергей Павлович
_9164603
_3RU\NLR\AUTH\770164647
701 1 _aБелоусов
_bЮ. М.
_gЮрий Михайлович
_4070
801 0 _aRU
_bRKP
_c19990528
_gPSBO
801 1 _aRU
_bRKP
_c19990528
801 2 _aRU
_bNLR
_c20010504
_grcr
852 _aNLR
_j2001-4/643
942 _cBOOK
980 _aNB